000 00553nam a2200193Ia 4500
005 20250508162102.0
008 008 250505s9999 xx 000 0 eng d
037 _aTextual
040 _aFEDL
_beng
_cFEDL
041 _aeng
_2eng
084 _a371.73, MAT
_qFEDL
100 _aMathews Donald K
_950396
245 0 _aPhysiological basis of physical education and athletics
250 _a2nd
260 _aPhiladelphia
_bW B Saunders Company
_c1976
300 _axvi,577p.
942 _cTEXL
_h371.73, MAT
999 _c1374296
_d1374296